| 000 | 00404nam a2200157Ia 4500 | ||
|---|---|---|---|
| 008 | 240729s9999 xx 000 0 und d | ||
| 022 | _a1984-4689 | ||
| 245 | 0 | _aZoologia (Curitiba) | |
| 260 | _aBrazil | ||
| 260 | _bSociedade Brasileira de Zoologia | ||
| 650 | _a Zoology | ||
| 650 | _aScience | ||
| 856 | _uhttps://doaj.org/toc/4d31340aeb6447f39fd5b590f6f2a7fa | ||
| 942 | _2ddc | ||
| 942 | _cDOAJEJ | ||
| 999 |
_c73250 _d73250 |
||
| 945 |
_a1 _bMadushi Gamage _c1 _dMadushi Gamage |
||